Firemná a marketingová kultúra

Základné prvky a znaky firemnej kultúry. Posilňovanie firemnej kultúry. Ovplyvňovanie predstáv zamestnancov. Hodnoty, prístupy a predstavy zamestnancov. Charakteristika firemnej kultúry.

Gespeichert in:
Bibliographische Detailangaben
1. Verfasser: Hanuláková, Eva, 1964-
Format: Buch
Sprache:Slowakisch
Schlagworte:
Tags: Tag hinzufügen
Keine Tags, Fügen Sie das erste Tag hinzu!

MARC

LEADER 00000nam a2200000 4500
001 r030166
005 20230626070201.8
041 0 |a slo 
044 |a SK 
245 1 0 |a Firemná a marketingová kultúra  |c Eva Hanuláková 
520 |a Základné prvky a znaky firemnej kultúry. Posilňovanie firemnej kultúry. Ovplyvňovanie predstáv zamestnancov. Hodnoty, prístupy a predstavy zamestnancov. Charakteristika firemnej kultúry. 
610 2 0 |a marketing 
610 2 0 |a kultúra podniková 
610 2 0 |a zamestnanci 
100 1 |a Hanuláková, Eva, 1964-